Sports Quiz

Random Sports or NFL Quiz

Miami Dolphins All-Time Receivers Quiz Stats

 Plays Quiz not verified by Sporcle

Score 0/10 Timer 07:00
0 Plays Today
Yards Player % Correct
8,643Mark Clayton
97.9%
8,869Mark Duper
95.2%
5,688Chris Chambers
75.4%
3,355Paul Warfield
71.1%
5,074O.J. McDuffie
69.4%
7,546Nat Moore
58.5%
3,190Irving Fryar
51.9%
3,252Orande Gadsden
37.2%
3,592Tony Nathan
32.6%
4.534Duriel Harris
21.7%

You're not logged in!

Compare scores with friends on all Sporcle quizzes.
OR
Log In

Show Comments

Extras

Top Quizzes Today


Score Distribution

Your Account Isn't Verified!

In order to create a playlist on Sporcle, you need to verify the email address you used during registration. Go to your Sporcle Settings to finish the process.

Report this User

Report this user for behavior that violates our Community Guidelines.

Details: